Normal view
MARC view
- Jones, Tayari
Entry Personal Name
001 - CONTROL NUMBER
- control field: 94733
003 - CONTROL NUMBER IDENTIFIER
- control field: NUST
005 - DATE AND TIME OF LATEST TRANSACTION
- control field: 20220724152352.0
008 - FIXED-LENGTH DATA ELEMENTS
- fixed length control field: 220724|| aca||aabn | a|a d
040 ## - CATALOGING SOURCE
- Original cataloging agency: NUST
- Transcribing agency: NUST
100 ## - HEADING--PERSONAL NAME
- Personal name: Jones, Tayari
670 ## - SOURCE DATA FOUND
- Source citation: Work cat.: (NUST)0: Jones, Tayari, author., An American marriage :
